El vicio de lesión a 10 años de la sanción del Código Civil y Comercial : (Registro nro. 5673)
[ vista simple ]
| 000 -LEADER | |
|---|---|
| fixed length control field | 01392nab a22002177a 4500 |
| 003 - CONTROL NUMBER IDENTIFIER | |
| control field | OSt |
| 005 - DATE AND TIME OF LATEST TRANSACTION | |
| control field | 20251227010939.0 |
| 008 - FIXED-LENGTH DATA ELEMENTS--GENERAL INFORMATION | |
| fixed length control field | 190603e xxum|||| |||| 00| 0 spa d |
| 040 ## - CATALOGING SOURCE | |
| Transcribing agency | PJ |
| 100 ## - MAIN ENTRY--PERSONAL NAME | |
| 9 (RLIN) | 4780 |
| Personal name | Lafferriére, Jorge Nicolás |
| 245 13 - TITLE STATEMENT | |
| Title | El vicio de lesión a 10 años de la sanción del Código Civil y Comercial : |
| Remainder of title | una revisión doctrinaria / |
| Statement of responsibility, etc | Jorge Nicolás Lafferriere. |
| 260 ## - PUBLICATION, DISTRIBUTION, ETC. (IMPRINT) | |
| Date of publication, distribution, etc | Ciudad Autónoma de Buenos Aires : |
| Place of publication, distribution, etc | Thomson Reuters La Ley, |
| Name of publisher, distributor, etc | 2025. |
| 300 ## - PHYSICAL DESCRIPTION | |
| Extent | p. 5-20 |
| 500 ## - GENERAL NOTE | |
| General note | Cita: TR LALEY AR/DOC/1773/2025 <br/>Publicado en: RCCyC 2025 (agosto). |
| 505 ## - FORMATTED CONTENTS NOTE | |
| Formatted contents note | Sumario: I. Introducción.— II. Cuestiones controvertidas de la lesión.— III. El fundamento de la lesión.— IV. El ámbito de aplicación de la lesión.— V. Los parámetros del elemento objetivo.— VI. Sobre los alcances del elemento subjetivo del lesionado.— VII. Sobre la presunción legal de la lesión.— VIII. Criterios para decidir el reajuste equitativo.— IX. La lesión y su relación con otras figuras.— X. Conclusiones. |
| 505 ## - FORMATTED CONTENTS NOTE | |
| Title | ¿Te interesa el texto completo? Solicitalo al correo: koha@justierradelfuego.gov.ar |
| 650 #0 - SUBJECT ADDED ENTRY--TOPICAL TERM | |
| 9 (RLIN) | 1497 |
| Topical term or geographic name as entry element | CODIGO CIVIL Y COMERCIAL |
| 650 #0 - SUBJECT ADDED ENTRY--TOPICAL TERM | |
| 9 (RLIN) | 2528 |
| Topical term or geographic name as entry element | ACTOS JURÍDICOS |
| 773 0# - HOST ITEM ENTRY | |
| Host Biblionumber | 2713 |
| Host Itemnumber | 3170 |
| Place, publisher, and date of publication | Ciudad Autónoma de Buenos Aires : Thomson Reuters La Ley, 2015- |
| Title | Revista Código Civil y Comercial. Nº 4 - Agosto 2025 |
| 942 ## - ADDED ENTRY ELEMENTS (KOHA) | |
| Source of classification or shelving scheme | |
| Koha item type | Analítica Artículo de Revista |
No hay ítems disponibles.
